| 000 -LEADER |
| fixed length control field |
00754cam a2200181Ia 4500 |
| 040 ## - CATALOGING SOURCE |
| Transcribing agency |
DLC |
| 082 ## - DEWEY DECIMAL CLASSIFICATION NUMBER |
| Classification number |
333 FAC 2005 C074 Or. |
| 100 0# - MAIN ENTRY--AUTHOR NAME |
| Personal name |
Mak Sithirith |
| 245 10 - TITLE STATEMENT |
| Title |
Decentralization and Natural Resource Management in Cambodia: |
| Remainder of title |
lmplication of the Decentralization Process to Date A Case Studies in Pursat Province/ |
| 260 ## - PUBLICATION, DISTRIBUTION, ETC. (IMPRINT) |
| Place of publication |
Chiang Mai, Thailand : |
| Name of publisher |
Regional Center for Social Science and Sustainable Development, Faculty of Social Sciences, Chiang Mai University, |
| Year of publication |
[2005] |
| 300 ## - PHYSICAL DESCRIPTION |
| Number of Pages |
29 p. : |
| Other physical details |
ill. (chiefly col.), maps (chiefly col.) ; |
| Dimensions |
22 cm |
| 500 ## - GENERAL NOTE |
| General note |
"March 2007." |
| 650 #0 - SUBJECT ADDED ENTRY--TOPICAL TERM |
| Topical Term |
Economic development |
| 650 #0 - SUBJECT ADDED ENTRY--TOPICAL TERM |
| Topical Term |
Economic development |
| 650 #0 - SUBJECT ADDED ENTRY--TOPICAL TERM |
| Topical Term |
Economic development |
| 650 #0 - SUBJECT ADDED ENTRY--TOPICAL TERM |
| Topical Term |
Water resources development |
| 942 ## - ADDED ENTRY ELEMENTS (KOHA) |
| Koha item type |
ADB |
| 952 ## - LOCATION AND ITEM INFORMATION (KOHA) |
| Withdrawn status [LOCAL, KOHA] |
0 |